Birds of prey : (Record no. 3824)

MARC details
000 -LEADER
fixed length control field 01628cas a2200433 a 4500
001 - CONTROL NUMBER
control field 3824
003 - CONTROL NUMBER IDENTIFIER
control field FISKH
005 - DATE AND TIME OF LATEST TRANSACTION
control field 20240515135727.0
008 - FIXED-LENGTH DATA ELEMENTS--GENERAL INFORMATION
fixed length control field 110722d20102011nyumr p 6 0 a0eng
010 ## - LIBRARY OF CONGRESS CONTROL NUMBER
LC control number 2011207016
020 ## - INTERNATIONAL STANDARD BOOK NUMBER
International Standard Book Number 9781848102637
022 0# - INTERNATIONAL STANDARD SERIAL NUMBER
International Standard Serial Number 2162-5018
Source 1
035 ## - SYSTEM CONTROL NUMBER
System control number (OCoLC)ocn742052952
040 ## - CATALOGING SOURCE
Original cataloging agency DLC
Language of cataloging eng
Transcribing agency DLC
Modifying agency DLC
-- OCLCF
-- OCLCO
-- OCL
042 ## - AUTHENTICATION CODE
Authentication code pcc
-- nsdp
050 10 - LIBRARY OF CONGRESS CALL NUMBER
Classification number PN6728.B497
082 10 - DEWEY DECIMAL CLASSIFICATION NUMBER
Classification number 741.5
Edition number 14
100 ## - MAIN ENTRY--PERSONAL NAME
Personal name Bédoyère, Camilla De la
130 0# - MAIN ENTRY--UNIFORM TITLE
Uniform title Birds of prey (New York, N.Y. : 2010)
245 10 - TITLE STATEMENT
Title Birds of prey :
Remainder of title Projects. Quizzes. Fun Facts. Cartoon /
Statement of responsibility, etc. Camilla De la Bédoyère ; Consultant : Steve Parker
260 ## - PUBLICATION, DISTRIBUTION, ETC.
Place of publication, distribution, etc. San Diego :
Name of publisher, distributor, etc. Silver Dolphin Books,
Date of publication, distribution, etc. 2010.
300 ## - PHYSICAL DESCRIPTION
Extent 48 pages :
Other physical details color illustrations ;
Dimensions 30 cm
310 ## - CURRENT PUBLICATION FREQUENCY
Current publication frequency Monthly
362 0# - DATES OF PUBLICATION AND/OR SEQUENTIAL DESIGNATION
Dates of publication and/or sequential designation No. 1 (July 2010)-no. 15 (Oct. 2011).
490 ## - SERIES STATEMENT
Series statement 100 facts
500 ## - GENERAL NOTE
General note Title from indicia.
520 ## - SUMMARY, ETC.
Summary, etc. Collects one hundred facts about birds of prey, covering nests, eggs, diet, tracking, and more; and includes illustrations, cartoons, quizzes, and activities.
653 2# - INDEX TERM--UNCONTROLLED
Uncontrolled term Oracle (Fictitious character)
653 2# - INDEX TERM--UNCONTROLLED
Uncontrolled term Black Canary (Fictitious character)
653 2# - INDEX TERM--UNCONTROLLED
Uncontrolled term Lady Blackhawk (Fictitious character)
653 2# - INDEX TERM--UNCONTROLLED
Uncontrolled term Huntress (Fictitious character)
653 2# - INDEX TERM--UNCONTROLLED
Uncontrolled term Dove (Fictitious character : DC Comics, Inc.)
655 #7 - INDEX TERM--GENRE/FORM
Genre/form data or focus term Comics (Graphic works)
Source of term lcgft
655 #7 - INDEX TERM--GENRE/FORM
Genre/form data or focus term Superhero comic books, strips, etc.
Source of term gsafd
655 #7 - INDEX TERM--GENRE/FORM
Genre/form data or focus term Comics (Graphic works)
Source of term fast
Authority record control number or standard number (OCoLC)fst01921613
906 ## - LOCAL DATA ELEMENT F, LDF (RLIN)
a 7
b cbc
c serorig
d 2
e ncip
f 20
g n-oclcserc
942 ## - ADDED ENTRY ELEMENTS (KOHA)
Source of classification or shelving scheme Dewey Decimal Classification
Koha item type Books
Suppress in OPAC No
Holdings
Withdrawn status Lost status Source of classification or shelving scheme Damaged status Not for loan Collection Home library Current library Shelving location Date acquired Total Checkouts Full call number Barcode Date last seen Copy number Price effective from Koha item type
    Dewey Decimal Classification     Non-Fiction Footprints International School Library Network Toul Kork Campus Footprints International School Library Network Toul Kork Campus A TK Campus, 4th Floor, Room B401, Non-Fiction Bookcases(7-8) 05/15/2024   BED​ 598.9​​​ QL677.78 2024-0610 05/15/2024 1 05/15/2024 Books
    Dewey Decimal Classification     Non-Fiction Footprints International School Library Network Toul Kork Campus Footprints International School Library Network Toul Kork Campus A TK Campus, 4th Floor, Room B401, Non-Fiction Bookcases(7-8) 05/15/2024   BED​ 598.9​​​ QL677.78 2024-0611 05/15/2024 2 05/15/2024 Books
    Dewey Decimal Classification     Non-Fiction Footprints International School Library Network Toul Kork Campus Footprints International School Library Network Toul Kork Campus A TK Campus, 4th Floor, Room B401, Non-Fiction Bookcases(7-8) 05/15/2024   BED​ 598.9​​​ QL677.78 2024-0612 05/15/2024 3 05/15/2024 Books
    Dewey Decimal Classification     Non-Fiction Footprints International School Library Network Toul Kork Campus Footprints International School Library Network Toul Kork Campus A TK Campus, 4th Floor, Room B401, Non-Fiction Bookcases(7-8) 05/15/2024   BED​ 598.9​​​ QL677.78 2024-0613 05/15/2024 4 05/15/2024 Books